Statistics for A Boogie wit da Hoodie Discography

Click here to take the quiz!

General Stats

  • This quiz has been taken 181 times
    (26 since last reset)
  • The average score is 6 of 9

Answer Stats

YearNameType% Correct
2016ArtistMixtape
95%
2018Hoodie SZNAlbum
90%
2022Me vs. MyselfAlbum
90%
2020Artist 2.0Album
86%
2021B4 AVAEP
62%
2017The Bigger ArtistAlbum
62%
2016TBAEP
52%
2018International ArtistEP
48%
2016Highbridge the Label: The Takeover Vol. 1Collaborative Mixtape
14%

Score Distribution

Percentile by Number Answered

Percent of People with Each Score

Your Score History

You have not taken this quiz since the last reset